000
00286nam a22001337a 4500
008
170203b xxu||||| |||| 00| 0 eng d
020
_a
0942732022
041
_a
eng
080
_a
61
100
_a
3
101
_a
SHM
245
_a
HEALTH CARE LAW AND ETHICS
_c
HOPER
942
_2
udc
_c
BK
999
_c
4431
_d
4431